ბათუმის შოთა რუსთაველის სახელმწიფო უნივერსიტეტის ბიბლიოთეკა

Le Nouvel edito.Niveau B.2.Metode francais (ბიბ.ჩანაწერი № 50806)

000 -LEADER
fixed length control field 00697nam a2200253Ia 4500
001 - CONTROL NUMBER
control field 17759
003 - CONTROL NUMBER IDENTIFIER
control field GE_BSU
008 - FIXED-LENGTH DATA ELEMENTS--GENERAL INFORMATION
fixed length control field 181216s||||||||xx |||||||||||||| ||und||
020 ## - INTERNATIONAL STANDARD BOOK NUMBER
International Standard Book Number 9782278066575
040 ## - CATALOGING SOURCE
Transcribing agency GE_BSU
080 ## - UNIVERSAL DECIMAL CLASSIFICATION NUMBER
Universal Decimal Classification number 811.133.1
100 ## - MAIN ENTRY--PERSONAL NAME
Personal name Corina Brillant,Virgine Bazou,Romain Racine, Jean-Charles Schenker
245 ## - TITLE STATEMENT
Title Le Nouvel edito.Niveau B.2.Metode francais
245 ## - TITLE STATEMENT
Remainder of title (ქსეროქსი)
245 ## - TITLE STATEMENT
Statement of responsibility, etc. Edition: Sylive Baudet
260 ## - PUBLICATION, DISTRIBUTION, ETC.
Place of publication, distribution, etc. Paris
260 ## - PUBLICATION, DISTRIBUTION, ETC.
Name of publisher, distributor, etc. Didier
260 ## - PUBLICATION, DISTRIBUTION, ETC.
Date of publication, distribution, etc. 2010
300 ## - PHYSICAL DESCRIPTION
Extent 224p;30cm.
653 ## - INDEX TERM--UNCONTROLLED
Uncontrolled term Le Nouvel edito.Niveau B.2.Metode francais
653 ## - INDEX TERM--UNCONTROLLED
Uncontrolled term ფრანგული ენა
942 ## - ADDED ENTRY ELEMENTS (KOHA)
Koha item type წიგნი
ეგზემპლარები
Withdrawn status Lost status Damaged status Not for loan Date acquired Barcode Date last seen Price effective from Koha item type
        2018-12-17 ქსეროქსი-25 2018-12-17 2018-12-17 წიგნი